| 000 | 00000nam 2200000za 4500 |
| 001 | 9.640569 |
| 003 | CaOODSP |
| 005 | 20221107134337 |
| 007 | cr ||||||||||| |
| 008 | 150407s2001||||xxc|||||o f|0| 0 fre d |
| 040 | |aCaOODSP|bfre |
| 043 | |an-cn--- |
| 086 | 1 |aF2-154/2001F-PDF |
| 110 | 1 |aCanada. |bMinistère des finances. |
| 245 | 10|aModifications de la Loi sur la taxe d'accise |h[ressource électronique] : |bnotes explicatives / |cpublié par le ministre des Finances, l'honorable Paul Martin. |
| 260 | |aOttawa : |bFinances Canada,|c2001. |
| 300 | |a86p. |
| 500 | |aLe n° de catalogue (F2-154/2001F) et l'ISBN (0-660-96499-6) de l'édition imprimée ont été incorrectement copiés dans l'édition électronique. |
| 500 | |aPublié aussi en anglais sous le titre : Amendments to the Excise Tax Act. |
| 590 | |a12-33-Supp|b2012-07-18 |
| 691 | 07|aAmendement|2gcpds |
| 691 | 07|aDouanes|2gcpds |
| 775 | 08|tAmendments to the Excise Tax Act |w(CaOODSP)9.696454 |
| 776 | 0#|tModifications de la Loi sur la taxe d'accise: notes explicatives / |w(CaOODSP)9.681429 |
| 856 | 40|uhttps://publications.gc.ca/collections/Collection/F2-154-2001F.pdf|qPDF|s248 Ko |